[Event "XXIV Open"]
[Site "Cappelle La Grande FRA"]
[Date "2008.02.20"]
[Round "6"]
[White "Savchenko,S"]
[Black "Bijaoui,M"]
[Result "1/2-1/2"]
[WhiteElo "2558"]
[BlackElo "2365"]

1.d4 Nf6 2.c4 g6 3.Nc3 Bg7 4.e4 d6 5.Nf3 O-O 6.Be2 e5 7.O-O Nc6 8.d5 Ne7
9.b4 Nh5 10.Re1 f5 11.Ng5 Nf6 12.Bf3 c6 13.b5 cxd5 14.cxd5 h6 15.Ne6 Bxe6
16.dxe6 fxe4 17.Nxe4 Nxe4 18.Bxe4 d5 19.Ba3 dxe4 20.Qxd8 Rfxd8 21.Bxe7 Re8
22.Bc5 Rxe6 23.Be3 a6 24.b6 Rd8 25.Rac1 Red6 26.Kf1 Kf7 27.Rc7+ R6d7 28.Rec1 g5
29.Ke2 Ke6 30.R7c4 Kd5 31.Ra4 Bf8 32.h3 Be7 33.Rd1+ Ke6 34.Rc1 Kd5 35.Rd1+ Ke6
36.Rc1  1/2-1/2

[Event "XXIV Open"]
[Site "Cappelle La Grande FRA"]
[Date "2008.02.22"]
[Round "8"]
[White "Smith,Ax"]
[Black "Mader,Ma"]
[Result "1-0"]
[WhiteElo "2458"]
[BlackElo "2158"]

1.d4 Nf6 2.c4 g6 3.Nc3 Bg7 4.e4 d6 5.Be2 O-O 6.Nf3 e5 7.O-O Nc6 8.d5 Ne7
9.b4 Nh5 10.Re1 a5 11.Ba3 Nf4 12.Bf1 axb4 13.Bxb4 b6 14.a4 f5 15.a5 fxe4
16.Nd2 bxa5 17.Rxa5 Rb8 18.Rb5 Bd7 19.Rxb8 Qxb8 20.Qb1 Nd3 21.Bxd3 exd3 22.Nce4 Ba4
23.Ba5 Qa7 24.Bc3 Bc2 25.Qb5 Qb8 26.Qd7 Nf5 27.Ng5 h6 28.Ne6 Rf7 29.Qc6 Ne7
30.Qxc7 Qxc7 31.Nxc7 h5 32.Ne8 Nf5 33.Ne4 Bf8 34.c5 dxc5 35.Bxe5 Bg7 36.Nxg7 Nxg7
37.d6 Kf8 38.Ra1 Ne8 39.f4 Rd7 40.Nxc5 Rxd6 41.Bxd6+ Nxd6 42.Nxd3 Bxd3 43.Rd1 Ke7
44.Rxd3 Ke6 45.Kf2 Ne4+ 46.Kf3 Nf6 47.Ra3 Kf5 48.g3 Ng4 49.h3 Nf6 50.Ra6  1-0

[Event "XI Open"]
[Site "Malaga ESP"]
[Date "2008.02.23"]
[Round "1"]
[White "Jedynak,R"]
[Black "Cisnero,J"]
[Result "1-0"]
[WhiteElo "2525"]
[BlackElo "2043"]

1.d4 Nf6 2.c4 g6 3.Nc3 Bg7 4.e4 O-O 5.Nf3 d6 6.Be2 e5 7.O-O Nc6 8.d5 Ne7
9.b4 Nh5 10.Re1 f5 11.Ng5 Nf6 12.Bf3 c6 13.Ba3 fxe4 14.Ngxe4 Nxe4 15.Bxe4 Qb6
16.c5 dxc5 17.bxc5 Qa5 18.Qb3 Kh8 19.d6 Nf5 20.Bxf5 Bxf5 21.Ne4 Bxe4 22.Rxe4 Qd2
23.f3 b6 24.Rd1 Qg5 25.h4 Qf5 26.Qa4 b5 27.Qa6 Qd7 28.Bb2 Rae8 29.Rde1 Rf5
30.Qa3 Qf7 31.Qb3 Qd7 32.f4 Rxf4 33.Rxe5 Rff8 34.Re7 Rxe7 35.Rxe7  1-0

[Event "18th ch-IRI"]
[Site "Tehran IRI"]
[Date "2008.02.25"]
[Round "12"]
[White "Roghani,A"]
[Black "Momeni,E"]
[Result "1-0"]
[WhiteElo "2362"]
[BlackElo "2263"]

1.Nf3 Nf6 2.c4 g6 3.Nc3 Bg7 4.e4 d6 5.d4 O-O 6.Be2 e5 7.O-O Nc6 8.d5 Ne7
9.b4 Ne8 10.c5 h6 11.Nd2 f5 12.f3 f4 13.Nc4 g5 14.a4 Ng6 15.Ba3 Rf7 16.a5 Bf8
17.Na4 h5 18.b5 g4 19.fxg4 Qg5 20.gxh5 Nh4 21.Bf3 Bh3 22.Ra2 Rg7 23.Kh1 Bd7
24.b6 axb6 25.cxb6 c5 26.dxc6 Bxc6 27.Nc3 Rd8 28.Rd2 Nf6 29.Bxd6 Nxf3 30.Qxf3 Bxd6
31.Rxd6 Rxd6 32.Nxd6 Nxh5 33.Nf5 Rh7 34.Kg1 Nf6 35.Ne3 Rh4 36.Ncd5 Nxe4 37.Qxe4 fxe3
38.Qxe3 Qxe3+ 39.Nxe3 Ra4 40.Nf5 Be4 41.Nd6 Bd5 42.Nf5 Be4 43.Ng3 Bc6 44.Nf5 Be4
45.Nd6 Bd5 46.Rf5 Ra1+ 47.Kf2 Ra2+ 48.Ke3 Ra3+ 49.Kd2 Ra2+ 50.Kc3 Ra3+ 51.Kb4 Re3
52.Kc5 Bc6 53.a6 Rc3+ 54.Kb4 Rc1 55.a7  1-0

[Event "4th Rectors Cup"]
[Site "Belgorod RUS"]
[Date "2008.02.28"]
[Round "4"]
[White "Zakharevich,I"]
[Black "Benza,A"]
[Result "1-0"]
[WhiteElo "2457"]
[BlackElo "2333"]

1.d4 Nf6 2.c4 g6 3.Nc3 Bg7 4.e4 d6 5.Nf3 O-O 6.Be2 e5 7.O-O Nc6 8.d5 Ne7
9.b4 Nh5 10.Re1 f5 11.Ng5 Nf6 12.f3 c6 13.Kh1 h6 14.Ne6 Bxe6 15.dxe6 Kh8
16.Bb2 Ne8 17.c5 d5 18.exd5 cxd5 19.Qb3 Nc7 20.Rad1 Qc8 21.Nb5 Nxb5 22.Bxb5 e4
23.Bxg7+ Kxg7 24.Qc3+ Rf6 25.Bd7 Qc7 26.b5 g5 27.c6 g4 28.Qc5 Ng6 29.fxg4 Nf4
30.Qe7+  1-0

[Event "Lendas do Xadrez"]
[Site "Rio de Janeiro BRA"]
[Date "2008.03.01"]
[Round "3"]
[White "Mascarenhas,Alb"]
[Black "Di Berardino,D"]
[Result "0-1"]
[WhiteElo "2263"]
[BlackElo "2430"]

1.c4 g6 2.Nc3 Bg7 3.d4 Nf6 4.e4 d6 5.Be2 O-O 6.Nf3 e5 7.O-O Nc6 8.d5 Ne7
9.Ne1 Nd7 10.g4 f5 11.f3 Nf6 12.Be3 f4 13.Bf2 g5 14.Nd3 h5 15.h3 Ng6 16.Kg2 Rf7
17.c5 Bf8 18.cxd6 Bxd6 19.Nb5 Rh7 20.Rc1 a6 21.Nxd6 cxd6 22.Rh1 Bd7 23.Qb3 Rc8
24.Rxc8 Bxc8 25.Qb4 Qf8 26.a4 Ne8 27.Qe1 Qh6 28.Qg1 Bd7 29.b3 Qg7 30.Qe1 Rh6
31.Bd1 Qh7 32.Be2 Nf6 33.Bd1 Ne7 34.Nb4 Kg7 35.Bb6 hxg4 36.hxg4 Nxg4  0-1

[Event "58th ch-RUS w 1st liga"]
[Site "Smolensk RUS"]
[Date "2008.03.04"]
[Round "7"]
[White "Savina,A"]
[Black "Airapetian,Ta"]
[Result "1-0"]
[WhiteElo "2202"]
[BlackElo "2162"]

1.d4 Nf6 2.c4 g6 3.Nc3 Bg7 4.e4 d6 5.Nf3 O-O 6.Be2 e5 7.O-O Nc6 8.d5 Ne7
9.b4 Nh5 10.Re1 a5 11.bxa5 Rxa5 12.a4 c5 13.Nd2 Nf4 14.Bf1 Kh8 15.Ra3 Ng8
16.Nb5 Ra6 17.g3 Nh5 18.Be2 Nhf6 19.f4 exf4 20.gxf4 Nd7 21.Nf3 f5 22.exf5 Rxf5
23.Ng5 Ne5 24.fxe5 Rxg5+ 25.Bxg5 Qxg5+ 26.Rg3 Qxe5 27.Bg4 Bxg4 28.Rxg4 Qh5
29.Rg3 Qf5 30.Qd3 Qf6 31.Qf3 Qb2 32.Qb3 Qd2 33.Rd1 Qe2 34.Rg2 Qh5 35.Rf1 Be5
36.Nc7 Ra7 37.Ne6 b6 38.Qb5 Qh6 39.Qe8 Re7 40.Qf8 Bd4+ 41.Kh1 Be5 42.Qxh6 Nxh6
43.Rf8+ Ng8 44.Rgf2 Bg7 45.Rb8 Ra7 46.Ra2 Ra6 47.Nc7 Ra7 48.Nb5 Ra6 49.Nxd6 Bf6
50.Ne8 Be5 51.d6 Ra7 52.Re2 Bd4 53.Nc7  1-0

[Event "XXIII Open"]
[Site "Reykjavik ISL"]
[Date "2008.03.06"]
[Round "4"]
[White "Thorfinnsson,Br"]
[Black "Al Modiahki,M"]
[Result "1-0"]
[WhiteElo "2406"]
[BlackElo "2569"]

1.d4 Nf6 2.c4 g6 3.Nc3 Bg7 4.e4 d6 5.Nf3 O-O 6.Be2 e5 7.O-O Nc6 8.d5 Ne7
9.b4 Nh5 10.Re1 a5 11.bxa5 Rxa5 12.Nd2 Nf4 13.Bf1 c5 14.a4 Ra6 15.Ra3 Kh8
16.Nb5 Ng8 17.g3 Nh5 18.Be2 Nh6 19.Nf1 Nf6 20.Bg5 Qd7 21.Qc1 Nfg8 22.Bd2 f5
23.exf5 Nxf5 24.Bf3 Qf7 25.Bg2 Nd4 26.f4 Bg4 27.Nxd4 exd4 28.h3 Bd7 29.a5 Nf6
30.Rb3 Rb8 31.Qb1 Bf5 32.Qb2 h5 33.Nh2 Qd7 34.Nf3 Ne4 35.Kh2 Nf2 36.Re6 Nd3
37.Qa3 Bxe6 38.dxe6 Qxe6 39.Rxd3 Qxc4 40.Nh4 d5 41.f5 gxf5 42.Nxf5 Be5 43.Rf3 Qc2
44.Rf2 h4 45.Nxh4 Rg8 46.Bf4 Bxf4 47.Rxc2 Rxg3 48.Qxg3 Bxg3+ 49.Kxg3 Rxa5
50.Bxd5 b6 51.Nf3 Kg7 52.h4 Ra3 53.Kf4 d3 54.Rb2 c4 55.Bxc4 Ra4 56.Nd2 Ra1
57.Bxd3 Rd1 58.Ke3 Re1+ 59.Be2 Rh1 60.Nf3 Kh7 61.Rxb6 Kg7 62.Rb7+ Kf6 63.Kf4 Ra1
64.Rb6+ Kg7 65.Kg5 Ra5+ 66.Rb5 Ra8 67.Ne5 Ra7 68.h5  1-0

[Event "KNSB TCh-NED 2007-8"]
[Site "Netherlands NED"]
[Date "2008.03.08"]
[Round "7"]
[White "Van der Werf,M"]
[Black "Langheinrich,F"]
[Result "1-0"]
[WhiteElo "2389"]
[BlackElo "2420"]

1.Nf3 Nf6 2.c4 g6 3.Nc3 Bg7 4.e4 d6 5.d4 O-O 6.Be2 e5 7.O-O Nc6 8.d5 Ne7
9.Ne1 Nd7 10.f3 f5 11.g4 f4 12.h4 h6 13.Bd2 c6 14.Kg2 Kh8 15.Rh1 Ng8 16.Nd3 Rf7
17.Be1 c5 18.a3 Ndf6 19.Rb1 Bd7 20.Bf2 Qe7 21.b4 b6 22.Kg1 Raf8 23.Bf1 Nh7
24.Rh2 h5 25.g5 Nxg5 26.hxg5 Qxg5+ 27.Kh1 Qh6 28.bxc5 bxc5 29.Nb5 g5 30.Nxd6 Qxd6
31.Bxc5 Qg6 32.Bxf8 Rxf8 33.Nc5 Bc8 34.d6 g4 35.d7 g3 36.Rh3 Nf6 37.Qd6 Kh7
38.Qxf8 Bxd7 39.Nxd7 Nxe4 40.Nf6+ Nxf6 41.Rb7 e4 42.Qxg7+ Qxg7 43.Rxg7+ Kxg7
44.fxe4 Kg6 45.c5  1-0

[Event "ch-RUS Girls u20"]
[Site "St Petersburg RUS"]
[Date "2008.03.09"]
[Round "2"]
[White "Savina,A"]
[Black "Severiukhina,Z"]
[Result "1-0"]
[WhiteElo "2202"]
[BlackElo "2199"]

1.d4 Nf6 2.c4 g6 3.Nc3 Bg7 4.e4 d6 5.Nf3 O-O 6.Be2 e5 7.O-O Nc6 8.d5 Ne7
9.b4 Nh5 10.Re1 Nf4 11.Bf1 h6 12.Nd2 g5 13.c5 Neg6 14.Nc4 h5 15.a4 f5 16.cxd6 cxd6
17.Nb5 fxe4 18.Nbxd6 Bg4 19.Qc2 Nh4 20.Qxe4 Qd7 21.Ra3 Rad8 22.g3 Bf3 23.Rxf3 Nxf3+
24.Qxf3 Nh3+ 25.Bxh3 Qxh3 26.Qg2 Qg4 27.Qe4 Qxe4 28.Rxe4 Rf6 29.Bxg5 Rfxd6
30.Bxd8 Rxd8 31.d6  1-0

[Event "ch-RUS Girls u20"]
[Site "St Petersburg RUS"]
[Date "2008.03.11"]
[Round "4"]
[White "Savina,A"]
[Black "Bodnaruk,A"]
[Result "0-1"]
[WhiteElo "2202"]
[BlackElo "2317"]

1.d4 Nf6 2.c4 g6 3.Nc3 Bg7 4.e4 d6 5.Nf3 O-O 6.Be2 e5 7.O-O Nc6 8.d5 Ne7
9.b4 a5 10.Ba3 axb4 11.Bxb4 Nd7 12.a4 Bh6 13.a5 f5 14.Nd2 Nf6 15.c5 Bxd2
16.Qxd2 Nxe4 17.Nxe4 fxe4 18.Bc3 Nf5 19.Ra4 e3 20.fxe3 Bd7 21.Raa1 Qg5 22.e4 Qxd2
23.Bxd2 Nd4 24.Bc4 dxc5 25.Rab1 Rxf1+ 26.Kxf1 b5 27.axb6 cxb6 28.d6+ Be6
29.Bxe6+ Nxe6 30.Rxb6 Rd8 31.Ke2 Kf7 32.Kd3 Nf8 33.Kc4 Nd7 34.Rc6 Ke6 35.Be3 Rb8
36.Bxc5 Rb2 37.Rc7 Rxg2 38.h4 Rb2 39.Bb4 h6 40.Kb5 g5 41.hxg5 hxg5 42.Rc8 Nf6
43.Ka5 g4 44.Rc7 Nd7 45.Rc8 g3 46.Re8+ Kf6 47.Rg8 g2 48.Kb5 Kf7 49.Rg3 Nf6
50.Kc6 Rxb4 51.Rxg2 Rc4+ 52.Kb7 Nxe4 53.d7 Ke7 54.Rg7+ Kd8 55.Kb6 Nf6 56.Kb5 Rc2  0-1

[Event "TCh-AUT 1st Bundesliga 2007-8"]
[Site "Graz AUT"]
[Date "2008.03.13"]
[Round "8"]
[White "Gerhold,M"]
[Black "Freitag,M"]
[Result "1/2-1/2"]
[WhiteElo "2219"]
[BlackElo "1729"]

1.Nf3 Nf6 2.c4 g6 3.Nc3 Bg7 4.e4 d6 5.d4 O-O 6.Be2 e5 7.O-O Nc6 8.d5 Ne7
9.b4 Nh5 10.Re1 f5 11.Ng5 Nf6 12.Bf3 c6 13.Be3 h6 14.Ne6 Bxe6 15.dxe6 fxe4
16.Nxe4 Nxe4 17.Bxe4 d5 18.cxd5 cxd5 19.Bc2 b6 20.Qg4 e4 21.Rad1 Qc7 22.Bb3 Rf5
23.Bd4 h5 24.Qh4 Bxd4 25.Rxd4  1/2-1/2

[Event "TCh-AUT 1st Bundesliga 2007-8"]
[Site "Graz AUT"]
[Date "2008.03.14"]
[Round "9"]
[White "Buhmann,R"]
[Black "Maiwald,JU"]
[Result "1-0"]
[WhiteElo "2570"]
[BlackElo "2484"]

1.Nf3 Nf6 2.c4 g6 3.Nc3 Bg7 4.e4 d6 5.d4 O-O 6.Be2 e5 7.O-O Nc6 8.d5 Ne7
9.b4 Ne8 10.c5 f5 11.Nd2 Nf6 12.f3 f4 13.Nc4 g5 14.Ba3 Ng6 15.b5 dxc5 16.Bxc5 Rf7
17.Kh1 h5 18.d6 Be6 19.Qa4 g4 20.Rad1 c6 21.bxc6 bxc6 22.Qa5 Qc8 23.Ba3 Nh7
24.Na4 h4 25.d7 Rxd7 26.Rxd7 Qxd7 27.Nab6 axb6 28.Qxa8+ Bf8 29.Rd1 Qf7 30.Nd6 Qe7
31.fxg4 h3 32.gxh3 Ng5 33.Bf1 f3 34.Qxc6 Nf4 35.Nc4 Qh7 36.Rd8 Nfxh3 37.Rxf8+ Kg7
38.Qc7+  1-0

[Event "ch-Siberia"]
[Site "Novokuznetsk RUS"]
[Date "2008.03.14"]
[Round "2"]
[White "Kiriakov,P"]
[Black "Lavrov,Ma1"]
[Result "1-0"]
[WhiteElo "2545"]
[BlackElo "2338"]

1.d4 Nf6 2.c4 g6 3.Nc3 Bg7 4.e4 d6 5.Nf3 O-O 6.Be2 e5 7.O-O Nc6 8.d5 Ne7
9.Ne1 Nd7 10.Be3 f5 11.f3 f4 12.Bf2 g5 13.a4 a5 14.Nd3 b6 15.b4 axb4 16.Nxb4 Nc5
17.a5 bxa5 18.Bxc5 dxc5 19.Nd3 Nc6 20.Nxc5 Nd4 21.Nb5 Qe7 22.Nd3 h5 23.Nxd4 exd4
24.Re1 Kh8 25.Ra2 Bd7 26.e5 Bf5 27.Qa1 Rae8 28.e6 g4 29.Qd1 Qh4 30.Bf1 gxf3
31.gxf3 Bf6 32.Kh1 Rg8 33.Ne5 Rg3 34.Nf7+ Kg7 35.Bd3 Bg4 36.Rf1 Qh3 37.Be4 Bxe6
38.dxe6 Rxe6 39.Rff2 Re8 40.Bd5 Re3 41.Qf1 Qh4 42.Rg2 c6 43.Nd6 Rg5 44.Nf5+  1-0

[Event "ch-RUS Boys u20"]
[Site "St Petersburg RUS"]
[Date "2008.03.14"]
[Round "7"]
[White "Rakhmanov,Ale"]
[Black "Shimanov,A"]
[Result "0-1"]
[WhiteElo "2524"]
[BlackElo "2441"]

1.Nf3 Nf6 2.c4 d6 3.d4 g6 4.Nc3 Bg7 5.e4 O-O 6.Be2 e5 7.O-O Nc6 8.d5 Ne7
9.Nd2 a5 10.a3 Nd7 11.Rb1 f5 12.b4 Kh8 13.f3 f4 14.Nb5 g5 15.Qc2 b6 16.Rd1 Rf6
17.c5 bxc5 18.bxc5 Nxc5 19.Nb3 Na6 20.Nxa5 Rh6 21.Nc6 Nxc6 22.Qxc6 Bd7 23.Qb7 Qe8
24.Rd2 c6 25.Nxd6 Rxd6 26.Bxa6 cxd5 27.Bc4 d4 28.Rdb2 Rc8 29.Bd3 g4 30.fxg4 Bxg4
31.a4 Qxa4 32.Bd2 Qe8 33.Rb6 Rxb6 34.Rxb6 Qa4 35.Be2 Qd7 36.Qxd7 Bxd7 37.Ba6 Ra8
38.Bb4 h6 39.Kf2 Kh7 40.Bd6 Re8 41.Rb7 Bc6 42.Rc7 Bxe4 43.Bb5 Re6 44.Bf8 Rg6
45.Re7 Rxg2+ 46.Kf1 Bf3 47.Bxg7 Rxg7 48.Rxe5 Rg5 49.Bd3+ Kg7 50.Re6 Bd5 51.Rd6 Rh5
52.Rg6+ Kf7 53.Rg4 Kf6 54.Rxf4+ Ke5 55.Rf2 Rh3 56.Bh7 Be4 57.Bg8 d3 58.Bb3 Kd4
59.Bd1 Ke3 60.Ke1 Rh4 61.Ra2 Bd5 62.Rf2 Rb4 63.Rf5 d2+  0-1

[Event "ch-Siberia"]
[Site "Novokuznetsk RUS"]
[Date "2008.03.15"]
[Round "3"]
[White "Pavlov,O"]
[Black "Lykov,V"]
[Result "1-0"]
[WhiteElo "2281"]
[BlackElo "2164"]

1.d4 Nf6 2.c4 g6 3.Nc3 Bg7 4.e4 d6 5.Be2 O-O 6.Nf3 e5 7.O-O Nc6 8.d5 Ne7
9.Ne1 Ne8 10.Be3 f5 11.f3 f4 12.Bf2 g5 13.c5 Ng6 14.a4 h5 15.a5 Kh7 16.Nb5 a6
17.Na3 Nf6 18.cxd6 cxd6 19.Nc4 g4 20.Nb6 g3 21.Nxa8 gxf2+ 22.Rxf2 Nd7 23.Bf1 Qh4
24.Nb6 Nf6 25.Ra3 Ne7 26.Nxc8 Rxc8 27.Rc2 Rh8 28.Rc7 Neg8 29.Qd2 Nh6 30.Qf2 Qg5
31.Qb6 Rg8 32.Rxb7 Kh8 33.Rb8 Bf8 34.Rxf8 Rxf8 35.Qxd6 Rg8 36.Nd3 Nf7 37.Qe7 Rg7
38.d6 h4 39.h3 Nxe4 40.fxe4 Qh5 41.d7 f3 42.d8=Q+ Nxd8 43.Qxd8+ Kh7 44.Nf2 fxg2
45.Bxg2 Qh6 46.Rc3 Qf4 47.Rc7 Rxc7 48.Qxc7+ Kg6 49.Ng4 Qd2 50.Qc6+ Kh5 51.Qe8+ Kg5
52.Qxe5+ Kg6 53.Qf6+ Kh5 54.Qf5+ Qg5 55.Nf6+  1-0

[Event "TCh-AUT 1st Bundesliga 2007-8"]
[Site "Graz AUT"]
[Date "2008.03.16"]
[Round "11"]
[White "Bischoff,K"]
[Black "Lanka,Z"]
[Result "1-0"]
[WhiteElo "2537"]
[BlackElo "2475"]

1.d4 Nf6 2.c4 g6 3.Nc3 Bg7 4.e4 d6 5.Be2 O-O 6.Nf3 e5 7.O-O Nc6 8.d5 Ne7
9.Ne1 Nd7 10.f3 f5 11.Be3 f4 12.Bf2 g5 13.a4 a6 14.a5 Ng6 15.Nd3 Nf6 16.c5 Kh8
17.cxd6 cxd6 18.Na4 g4 19.fxg4 Nxe4 20.Nb6 Rb8 21.Ra4 Ng5 22.h4 f3 23.Bxf3 Nxf3+
24.gxf3 Nxh4 25.Bxh4 Qxh4 26.Kg2 Qg5 27.Nxc8 Rbxc8 28.Nf2 Bh6 29.Ne4 Qg6
30.Qe2 Rc7 31.Rc4 Rg7 32.Qc2 Qf7 33.Nxd6 Qxd5 34.Nf5 e4 35.Qxe4 Qxa5 36.Nxg7 Bxg7
37.Qxb7  1-0

[Event "ch-Siberia"]
[Site "Novokuznetsk RUS"]
[Date "2008.03.16"]
[Round "4"]
[White "Vladimirov,M2"]
[Black "Kalyndu,A"]
[Result "0-1"]
[WhiteElo "2195"]
[BlackElo "2124"]

1.d4 Nf6 2.c4 g6 3.Nc3 Bg7 4.e4 d6 5.Nf3 O-O 6.Be2 e5 7.O-O Nc6 8.d5 Ne7
9.a4 a5 10.Rb1 Nd7 11.Ne1 f5 12.Nd3 Nf6 13.f3 f4 14.c5 g5 15.b3 Rf7 16.Ba3 Bf8
17.cxd6 cxd6 18.Nb5 Ng6 19.Nb2 Rg7 20.Nc4 Ne8 21.Qe1 h5 22.Qf2 g4 23.fxg4 hxg4
24.g3 Ra6 25.Bc1 Nf6 26.Bd3 Nh5 27.Ba3 Nh4 28.Be2 Nf3+ 29.Bxf3 gxf3 30.Qxf3 Nxg3
31.hxg3 Rxg3+ 32.Kf2 Rxf3+ 33.Kxf3 Qh4 34.Rg1+ Kf7 35.Nbxd6+ Bxd6 36.Nxd6+ Rxd6
37.Bxd6 Qh3+ 38.Kf2 Qe3+ 39.Kg2 f3+ 40.Kh2 Qf2+  0-1

[Event "ch-Siberia"]
[Site "Novokuznetsk RUS"]
[Date "2008.03.18"]
[Round "6"]
[White "Kiriakov,P"]
[Black "Loskutov,O"]
[Result "1-0"]
[WhiteElo "2545"]
[BlackElo "2431"]

1.d4 Nf6 2.c4 g6 3.Nc3 Bg7 4.e4 d6 5.Nf3 O-O 6.Be2 e5 7.O-O Nc6 8.d5 Ne7
9.Ne1 Ne8 10.Be3 f5 11.f3 Kh8 12.c5 Ng8 13.a4 Bh6 14.Bxh6 Nxh6 15.Nd3 f4
16.a5 Ng8 17.b4 h5 18.b5 Qe7 19.b6 dxc5 20.bxc7 c4 21.Nf2 Nd6 22.Qa4 Bd7
23.Qb4 g5 24.Na4 Rac8 25.Nc5 Rxc7 26.Nxd7 Qxd7 27.Rfc1 Nf6 28.Rxc4 Rxc4 29.Bxc4 g4
30.Be2 Rg8 31.Qc3 Qe7 32.Rc1 gxf3 33.Bxf3 Nb5 34.Qc5 Qe8 35.Rd1 a6 36.Qb6 Qf7
37.Kf1 Qg7 38.Rc1 Ng4 39.Bxg4 hxg4 40.Nxg4 Rf8 41.Qe6 Kh7 42.Nxe5 Nd4 43.Qd7 Qxd7
44.Nxd7 Rf7 45.Rc7 Kg7 46.Rxb7 f3 47.Nc5  1-0

[Event "ch-Siberia"]
[Site "Novokuznetsk RUS"]
[Date "2008.03.18"]
[Round "6"]
[White "Telelyaev,A"]
[Black "Sultimov,B"]
[Result "0-1"]
[WhiteElo "2114"]
[BlackElo "2292"]

1.Nf3 Nf6 2.d4 g6 3.c4 Bg7 4.Nc3 O-O 5.e4 d6 6.Be2 e5 7.O-O Nc6 8.d5 Ne7
9.Ne1 Nd7 10.Be3 f5 11.f3 f4 12.Bf2 g5 13.Nd3 Nf6 14.c5 Rf7 15.b4 Bf8 16.a4 h5
17.b5 b6 18.cxd6 cxd6 19.Nb4 Rg7 20.Nc6 Nxc6 21.dxc6 Kh8 22.a5 Rb8 23.axb6 axb6
24.Nd5 Nxd5 25.Qxd5 g4 26.Rfd1 Qg5 27.Qc4 g3 28.hxg3 fxg3 29.Bxb6 Rxb6 30.Qc1 Qxc1
31.Rdxc1 Rc7 32.Ra8 Bh6 33.Rca1 Be3+ 34.Kf1 Kg7 35.R8a7 Rxc6 36.Rxc7+ Rxc7  0-1

[Event "39th Open"]
[Site "Mar del Plata ARG"]
[Date "2008.03.19"]
[Round "6"]
[White "Zamorano,Jor"]
[Black "Roselli Mailhe,B"]
[Result "0-1"]
[WhiteElo "2254"]
[BlackElo "2420"]

1.Nf3 Nf6 2.c4 g6 3.Nc3 Bg7 4.e4 d6 5.d4 O-O 6.Be2 e5 7.O-O Nc6 8.d5 Ne7
9.b4 Ne8 10.a4 f5 11.Nd2 Nf6 12.c5 f4 13.Nc4 g5 14.Ba3 Ng6 15.cxd6 cxd6 16.b5 Ne8
17.Bb4 Nh4 18.Ra3 g4 19.g3 f3 20.Bd3 Rf6 21.Re1 Ng2 22.Bf1 Nxe1 23.Qxe1 h5
24.Ne3 Bf8 25.Nf5 Ng7 26.Nh4 Be7 27.Qe3 Rf7 28.Qh6 Bxh4 29.gxh4 Qf6 30.Qxf6 Rxf6
31.Nd1 Bd7 32.Ne3 Rc8 33.Nc4 Ne8 34.Bd3 Rf4 35.Bd2 Rxe4 36.Bxe4 Rxc4 37.Bd3 Rc8
38.h3 Nf6 39.hxg4 hxg4 40.Be3 e4 41.Bb1 Bf5 42.Kh2 Kf7 43.Bxa7 Rc1 44.Ba2 Nh5
45.Bb3 g3+ 46.fxg3 Nf6 47.g4 Nxg4+ 48.Kg3 Rc3 49.Bd4 f2+ 50.Kg2 Rg3+  0-1

[Event "Doeberl Cup"]
[Site "Canberra AUS"]
[Date "2008.03.20"]
[Round "1"]
[White "Brown,An"]
[Black "Goldenberg,I"]
[Result "0-1"]
[WhiteElo "2004"]
[BlackElo "2395"]

1.d4 Nf6 2.Nf3 g6 3.c4 Bg7 4.Nc3 O-O 5.e4 d6 6.Be2 e5 7.O-O Nc6 8.d5 Ne7
9.Nd2 c5 10.dxc6 bxc6 11.b4 Ne8 12.Nb3 Rb8 13.b5 Nc7 14.bxc6 Nxc6 15.Nd5 Nxd5
16.cxd5 Nd4 17.Be3 Nxe2+ 18.Qxe2 f5 19.f3 Bd7 20.Qd2 fxe4 21.fxe4 Qh4 22.Bxa7 Ra8
23.Qe3 Rxf1+ 24.Rxf1 Bh6 25.Qb6 Qxe4 26.Qxd6 Rf8 27.Rxf8+ Bxf8 28.Qf6 Qb1+
29.Qf1 Qxa2 30.Bc5 Bh6 31.Nc1 Qxd5 32.Bf2 Bb5 33.Qe1 Bc6  0-1

[Event "V Int"]
[Site "Los Llanos de Aridane ESP"]
[Date "2008.03.20"]
[Round "8"]
[White "Perez Felipe,M"]
[Black "Cabrera Trujillo,J"]
[Result "0-1"]
[WhiteElo "2223"]
[BlackElo "2320"]

1.d4 Nf6 2.c4 g6 3.Nc3 Bg7 4.e4 O-O 5.Nf3 d6 6.Be2 e5 7.O-O Nc6 8.d5 Ne7
9.b4 Ne8 10.Nd2 f5 11.c5 Nf6 12.f3 f4 13.Nc4 g5 14.Ba3 Ng6 15.b5 dxc5 16.Bxc5 Rf7
17.Qb3 h5 18.Qa3 g4 19.d6 g3 20.dxc7 Rxc7 21.Rfd1 Bd7 22.Nd6 Kh7 23.Nf5 Qc8
24.Nd6 Qd8 25.Bb4 Ne8 26.Nf5 Qg5 27.h3 Nf6 28.Nd5 Nxd5 29.Rxd5 Bxf5 30.exf5 Nh4
31.f6 Qxf6 32.Bd3+ Kh8 33.Be4 Qb6+ 34.Bc5 Qxb5 35.Rad1 Rcc8 36.Bd4 Qe2  0-1

[Event "ch-Siberia"]
[Site "Novokuznetsk RUS"]
[Date "2008.03.20"]
[Round "8"]
[White "Domarowsky,V"]
[Black "Semkin,A"]
[Result "0-1"]
[WhiteElo "2112"]
[BlackElo "2246"]

1.d4 Nf6 2.c4 g6 3.Nc3 Bg7 4.e4 d6 5.Nf3 O-O 6.Be2 e5 7.O-O Nc6 8.d5 Ne7
9.Nd2 Nd7 10.b4 f5 11.f3 f4 12.c5 dxc5 13.bxc5 Nxc5 14.Ba3 b6 15.Bxc5 bxc5
16.Bc4 Kh8 17.Nb3 Qd6 18.Na4 Rb8 19.Naxc5 Rd8 20.Qe2 c6 21.Rfd1 cxd5 22.Bxd5 Qb6
23.Rac1 Bf8 24.Kh1 g5 25.Qc4 g4 26.Be6 gxf3 27.gxf3 Ng6 28.Bxc8 Rbxc8 29.Rd5 Nh4
30.Rg1 Bxc5 31.Rxc5 Rxc5 32.Nxc5 Nxf3  0-1

[Event "67th ch-GEO KO"]
[Site "Tbilisi GEO"]
[Date "2008.03.20"]
[Round "2.4"]
[White "Margvelashvili,G"]
[Black "Aroshidze,L"]
[Result "1-0"]
[WhiteElo "2455"]
[BlackElo "2535"]

1.Nf3 Nf6 2.c4 g6 3.Nc3 Bg7 4.e4 d6 5.d4 O-O 6.Be2 e5 7.O-O Nc6 8.d5 Ne7
9.Be3 Nd7 10.Nd2 f5 11.f3 f4 12.Bf2 g5 13.b4 Rf6 14.c5 Rh6 15.Re1 Nf6 16.Nc4 Qe8
17.h3 Qh5 18.Bf1 g4 19.fxg4 Nxg4 20.Be2 Nxf2 21.Bxh5 Nxd1 22.Bxd1 Bd7 23.a4 a6
24.cxd6 cxd6 25.Nb6 Rd8 26.Nxd7 Rxd7 27.Rc1 Ng6 28.Bg4 Re7 29.a5 Bf8 30.Na4 Nh4
31.Kf1 Rg6 32.Re2 Rg5 33.Rc8 h5 34.Be6+ Kg7 35.Rec2 Rg3 36.R8c3 Rg6 37.Nb6 Kh6
38.Rc8 Bg7 39.Nc4 Rg3 40.Nxd6 Rd3 41.Nf5+ Nxf5 42.Bxf5 Bf6 43.Rg8 Rg7 44.Rxg7 Kxg7
45.Rc7+ Kf8 46.Rxb7 Re3 47.Rc7 Bh4 48.Rc1 Ke7 49.b5 axb5 50.Ra1 b4 51.a6 b3
52.a7 b2 53.a8=Q bxa1=Q+ 54.Qxa1 Bg3 55.Qxe5+  1-0

[Event "Doeberl Cup"]
[Site "Canberra AUS"]
[Date "2008.03.21"]
[Round "4"]
[White "Goldenberg,I"]
[Black "Jones,G"]
[Result "0-1"]
[WhiteElo "2395"]
[BlackElo "2562"]

1.c4 Nf6 2.Nc3 g6 3.e4 d6 4.d4 Bg7 5.Be2 O-O 6.Nf3 e5 7.O-O Nc6 8.d5 Ne7
9.b4 c6 10.Nd2 a5 11.bxa5 c5 12.Nb3 Nd7 13.Nb5 Ra6 14.Rb1 f5 15.exf5 Nxf5
16.Bd3 Nf6 17.Nc3 Nd4 18.Ne4 Nxe4 19.Bxe4 Qh4 20.f3 Bf5 21.Re1 Nxb3 22.axb3 Rxa5
23.Bb2 Ra2 24.Re2 Bxe4 25.Rxe4 Qg5 26.Qe2 Rf4 27.Rf1 h5 28.Rb1 Rxe4 29.fxe4 Bh6
30.Qc2 Qe3+ 31.Kh1 h4 32.Rf1 Bf4 33.Rb1 g5 34.Rf1 b6 35.Qd1 h3 36.Qg4 hxg2+
37.Qxg2 Qd2 38.Qxd2 Bxd2 39.Rb1 Bf4 40.Kg2 g4 41.h3 g3 42.Kf3 Kf7 43.Kg2 Kg6
44.Kf3 Kg5 45.Kg2 Kh5  0-1

[Event "15th Belisce Metalis Open"]
[Site "Bizovac CRO"]
[Date "2008.03.22"]
[Round "4"]
[White "Farago,I"]
[Black "Popovic,Du"]
[Result "1/2-1/2"]
[WhiteElo "2475"]
[BlackElo "2556"]

1.d4 Nf6 2.c4 g6 3.Nc3 Bg7 4.e4 d6 5.Be2 O-O 6.Nf3 e5 7.O-O Nc6 8.Be3 Ng4
9.Bg5 f6 10.Bc1 f5 11.d5 Ne7 12.Ng5 Nf6  1/2-1/2

[Event "Spring Festival"]
[Site "Budapest HUN"]
[Date "2008.03.23"]
[Round "3"]
[White "Zentai,P2"]
[Black "Hamane,K"]
[Result "0-1"]
[WhiteElo "2177"]
[BlackElo "1951"]

1.d4 Nf6 2.c4 g6 3.Nc3 Bg7 4.e4 d6 5.Be2 O-O 6.Nf3 e5 7.O-O Nc6 8.d5 Ne7
9.b4 Ne8 10.c5 f5 11.Ng5 Nf6 12.f3 h6 13.Ne6 Bxe6 14.dxe6 f4 15.Ba3 Nc6 16.Nd5 a6
17.Bc4 Kh8 18.Qd2 g5 19.Rad1 g4 20.Nxf6 Qxf6 21.cxd6 cxd6 22.fxg4 Qh4 23.h3 Nd4
24.Qf2 Qe7 25.Rd3 b5 26.Bd5 Rac8 27.Rc1 Bf6 28.Rdc3 Rxc3 29.Rxc3 Nxe6 30.Qb6 Bh4
31.Qb7 Qf6 32.Rc8 Nd8 33.Qd7 f3 34.Rc7 Bf2+ 35.Kf1 fxg2+ 36.Ke2 Qf3+ 37.Kd2 Qe3+
38.Kc2 Qe2+ 39.Kb1 Qd3+  0-1

[Event "TCh-ISR"]
[Site "Israel ISR"]
[Date "2008.03.28"]
[Round "4"]
[White "Huzman,A"]
[Black "Caspi,I"]
[Result "1/2-1/2"]
[WhiteElo "2602"]
[BlackElo "2366"]

1.d4 Nf6 2.c4 g6 3.Nc3 Bg7 4.e4 d6 5.Be2 O-O 6.Nf3 e5 7.O-O Nc6 8.d5 Ne7
9.b4 Nh5 10.Re1 f5 11.Ng5 Nf6 12.f3 c6 13.Be3 Bh6 14.h4 f4 15.Bf2 cxd5 16.cxd5 Bxg5
17.hxg5 Nh5 18.Rc1 Bd7 19.Nb5 Bxb5 20.Bxb5 Nc8 21.Re2 a6 22.Qa4 Kh8 23.Rec2 Ng3
24.Bd3 Na7 25.Qa5 Qxg5 26.Bxa7 Rxa7 27.Qb6 Raa8 28.Qxd6 Rad8 29.Qe6 Rfe8
30.Qh3 Qf6 31.Kh2 Re7 32.a4 Kg8 33.a5 h5 34.Rc7  1/2-1/2

[Event "FKB ch-USA Qualifier"]
[Site "Tulsa USA"]
[Date "2008.03.28"]
[Round "1"]
[White "Steiner,Ti"]
[Black "Yanayt,E"]
[Result "0-1"]
[WhiteElo "2134"]
[BlackElo "2255"]

1.d4 Nf6 2.c4 g6 3.Nc3 Bg7 4.e4 d6 5.Nf3 O-O 6.Be2 e5 7.O-O Nc6 8.d5 Ne7
9.b4 Ne8 10.a4 f5 11.a5 Nf6 12.a6 b6 13.c5 fxe4 14.cxd6 cxd6 15.Nd2 Kh8 16.Nc4 Nf5
17.Be3 Bd7 18.Qd2 Rc8 19.Rac1 Be8 20.Na3 Bf7 21.Ncb5 Qd7 22.Rxc8 Rxc8 23.Rc1 Rxc1+
24.Qxc1 Nxd5 25.Nxa7 Nfxe3 26.fxe3 Bh6 27.Qc8+ Qxc8 28.Nxc8 Bxe3+ 29.Kf1 Nxb4
30.Bc4 Be8 31.Bb5 Bxb5+ 32.Nxb5 Nxa6 33.Nbxd6 Kg7 34.Nc4 Bd4 35.N8xb6 Kf6
36.Nd5+ Ke6 37.Nde3 Nc5 38.Ke2 Nd3 39.g3 Nb4 40.Nd2 Nd5 41.Nec4 Nc3+ 42.Ke1 Kd5
43.Na3 e3 44.Ndb1 Nxb1 45.Nxb1 Bb2 46.Kd1 Ke4 47.Ke2 g5 48.g4 h6  0-1